El color del cristal: mecanismos de manipulación de la realidad

Saved in:
Bibliografiske detaljer
Hovedforfatter: Beneyto, Juan (Author)
Format: Bog
Sprog:spansk
Udgivet: Madrid Pirámide 1982
Fag:
Tags: Tilføj Tag
Ingen Tags, Vær først til at tagge denne postø!

MARC

LEADER 00000nam a2200000 a 4500
001 UCQ0869
003 CL-VaPUC
008 980703e19820000SP |||||||||||||||||spa|d
082 0 4 |a 303.33  |b BEN  |2 21 
100 0 |a Beneyto, Juan  |e author  |9 414239 
245 1 3 |a El color del cristal: mecanismos de manipulación de la realidad 
300 |a 197 p 
942 |c BK 
945 |d 19980703 00:00:00  |a crobeson 
260 |a Madrid  |b Pirámide  |c 1982 
650 7 |a PERSUASION  |2 CL-VaPUC  |9 333321 
650 0 |a Comunicación   |9 257251 
650 7 |a IMPACTO DE LA COMUNICACION  |2 CL-VaPUC  |9 334456 
650 7 |a PSICOLOGIA DE LA COMUNICACION  |2 CL-VaPUC  |9 332059 
583 |a last modification  |c 19980703 00:00:00  |k Rodrigo Vera 
999 |c 271896  |d 271894 
952 |0 0  |1 0  |4 0  |6 303_330000000000000_BEN_1982  |7 0  |8 A  |9 306684  |a BIBENE  |b BIBENE  |d 2019-11-20  |i 1429183  |o 303.33 BEN 1982  |p 1429183  |r 2025-01-15  |w 2019-11-20  |y BK  |k ICO